000 01151cam a22003137a 4500
003 CHAP
005 20220329132959.0
008 971013s1990 r 00010 d
010 _a906
011 _a1878
035 _a1063
040 _cCHAP
090 _aTesis
100 0 0 _aBarranco Gómez, María de los Angeles.
_910337
245 0 _aExploración etnobotánica de plantas medicinales en los huertos familiares de las comunidades de Zoloquiapa municipio de Tilapa y Santa Cruz Baqueroncito, municipio de Tehuitzingo, estado de Puebla
260 _aChapingo, Méx. :
_bEl autor,
_c1990
300 _a109 h.
_b: gráfs.
502 _aTesis (Ing. Agr. Esp. en Fitotecnia) -- UACH. Departamento de Fitotecnia
590 _aALEPH
_b10
_c20130110
_lUCH01
_h1206
590 _aBATCH-UPD
_b10
_c20130110
_lUCH01
_h1134
590 _aBATCH-UPD
_b10
_c20130410
_lUCH01
_h0722
590 _aBATCH-UPD
_b10
_c20130914
_lUCH01
_h0740
590 _aCONVERSION
_b10
_c20130109
_lUCH01
_h1302
650 1 4 _aBotánica médica.
_914680
650 1 4 _aEtnobotánica
_xPuebla.
_938632
901 _aBK
942 _cTESIS
949 _bBC
_cTES
_d-10527
_eTS1
_h23206
_i1063
_si
999 _c906
_d906